000 004740000a22001810004500
003 MACL
005 20150712124427.0
008 150712b xxu||||| |||| 00| 0 eng d
040 _aMACL
_cMACL
041 _aEnglish
082 _a320/SIN
100 _aSingh, B P
_9620
245 _aThe Indian National Congress And Cultural Renaissance
260 _bAllied Publishers Limited
_c1996
_aNew Delhi
350 _a95
650 _aPolitical Science
_988
942 _cBK
_k320
_2ddc
999 _c2850
_d2850